| 000 | 00751nam a2200205Ii 4500 | ||
|---|---|---|---|
| 003 | JO-AjNU | ||
| 008 | 230605s9999||||xx |||||||||||||| ||und|| | ||
| 040 |
_aJO-AjNU _bara _erda _cJO-AjNU |
||
| 041 | _aara | ||
| 050 | 1 | 4 | _aLB1731.M34 2002 |
| 100 | 3 |
_aمدبولي،محمد عبد الخالق, _eauthor _923312 |
|
| 245 | 0 | 0 | _aالتنمية المهنية للمعلمين:الإتجاهات المعاصرة-المداخل-الإستراتيجية |
| 250 | _aط1 | ||
| 264 | 3 | 1 | _aالعين:دار الكتاب الجامعي،2002 |
| 300 | _a207ص | ||
| 336 |
_atext _btxt _2rdacontent |
||
| 337 |
_aunmediated _bn _2rdamedia |
||
| 338 |
_avolume _bnc _2rdacarrier |
||
| 650 | 4 |
_aالتدريب المهني-المدرسون-تدريب _923313 |
|
| 999 |
_aA8412 _c11980 _d11980 |
||